000 01028cam a2200265a 44500
003 OSt
005 20150408113750.0
008 980312s1979 le g 00010dara d
040 _amu
_bara
_cmb
041 _aعربي
043 _aa-sy---
072 _a112
_xسورية
082 0 4 _a956.531
092 _a956.531
_bع ث ت
100 1 _aابن عساكر، علي بن الحسن بن هبة الله،
_d499-571 هـ.
_9246
245 1 0 _aتهذيب تاريخ دمشق الكبير /
_cعلي بن الحسن بن هبة الله بن عساكر ؛ هذبه ورتبه عبد القادر بدران.
250 _aط. 2.
260 _aبيروت
_bدار المسيرة،
_c1399 = 1979
300 _a7 مج. ؛
_c24 سم.
650 _aالتراجم
_2aucsh. 7
651 _aدمشق (سوريا)
_vتراجم
_2aucsh.0
700 _aعبد القادر بدران، عبد القادر بن أحمد بن مصطفى،
_dت. 1346 هـ.
_eمرتب.0
_95323
740 _aتاريخ دمشق الكبير.
942 _2ddc
_cREF
999 _c3827
_d238327